000 00902nam a2200277 i 4500
005 20220317000153.0
007 ta
008 200428s2008 ck gr 000 p spa d
020 _a9789584427595
040 _aCO-BoRNBP
_bspa
_cCO-BoRNBP
_erda
041 0 _aspa
084 _aP ROC4
100 1 _aRoca, Juan Manuel
_d1946-
_eautor
245 1 0 _aBoca que busca la boca
_bantología de la poesía erótica colombiana del siglo XX
_cJuan Manuel Roca
250 _aSegunda edición
264 1 _aBogotá
_bTaller de Edición Rocca
_c2008
300 _a119 páginas
_c21 cm
336 _atexto
_btxt
_2rdacontent
337 _asin mediación
_bn
_2rdamedia
338 _avolumen
_bnc
_2rdacarrier
650 1 7 _aPoesía colombiana
_Siglo XX
_2ARMARC
650 1 7 _aLiteratura colombiana
_ySiglo XX
_2ARMARC
650 1 7 _aErotismo
_vPoesía
_2ARMARC
650 1 7 _aEmociones
_vPoesía
_2ARMARC
942 _2loc
_cBKLIT
999 _c3296
_d3296